| 000 | 01069cam a22003255a 4500 | ||
|---|---|---|---|
| 999 |
_c19387 _d19359 |
||
| 001 | 1530709 | ||
| 003 | EG-ScBUE | ||
| 005 | 20210308090902.0 | ||
| 008 | 900321s1986 enkefk f b 001 0 eng d | ||
| 020 | _a0333428102 | ||
| 020 | _a9780333428108 | ||
| 040 |
_aMH _beng _erda _cMH _dEG-ScBUE |
||
| 043 | _ae-uk--- | ||
| 082 | 0 | 4 |
_a820.90091 _bBLA _222 |
| 100 | 1 |
_aBlamires, Harry, _eauthor. _938050 |
|
| 245 | 1 | 0 |
_aTwentieth-century English literature / _cHarry Blamires. |
| 250 | _aSecond edition. | ||
| 264 | 1 |
_aHampshire ; _aLondon : _bMacmillan Press Ltd, _c1986. |
|
| 300 |
_avii, 324 pages : _bphotographs, plans, portraits ; _c23 cm. |
||
| 336 |
_2rdacontent _atext _btxt |
||
| 337 |
_2rdamedia _aunmediated _bn |
||
| 338 |
_2rdacarrier _avolume _bnc |
||
| 490 | 0 | _aMacmillan history of literature series | |
| 504 | _aIncludes bibliographical references and index. | ||
| 650 | 7 |
_aEnglish literature _y20th century _xHistory and criticism. _2BUEsh _930833 |
|
| 651 | _2BUEsh | ||
| 653 |
_cMay2015 _bHHUUEENN |
||
| 655 |
_vReading book _934232 |
||
| 942 |
_2ddc _cBB |
||